<?xml version="1.0" encoding="UTF-8"?>
<marc:record xmlns:marc="http://www.loc.gov/MARC21/slim" type="Bibliographic">
   <marc:leader>00000pam a2200000 c 4500</marc:leader>
   <marc:controlfield tag="001">940946181</marc:controlfield>
   <marc:controlfield tag="003">DE-101</marc:controlfield>
   <marc:controlfield tag="005">20171202195309.0</marc:controlfield>
   <marc:controlfield tag="007">tu</marc:controlfield>
   <marc:controlfield tag="008">940420s1994    au ||||| |||| 00||||ger  </marc:controlfield>
   <marc:datafield ind1=" " ind2=" " tag="015">
      <marc:subfield code="a">95,A05,1674</marc:subfield>
      <marc:subfield code="z">94,N34,0681</marc:subfield>
      <marc:subfield code="2">dnb</marc:subfield>
   </marc:datafield>
   <marc:datafield ind1="7" ind2=" " tag="016">
      <marc:subfield code="2">DE-101</marc:subfield>
      <marc:subfield code="a">940946181</marc:subfield>
   </marc:datafield>
   <marc:datafield ind1=" " ind2=" " tag="020">
      <marc:subfield code="a">9783800035168</marc:subfield>
      <marc:subfield code="c">Pp. : DM 69.00, sfr 69.00, S 498.00</marc:subfield>
      <marc:subfield code="9">978-3-8000-3516-8</marc:subfield>
   </marc:datafield>
   <marc:datafield ind1=" " ind2=" " tag="020">
      <marc:subfield code="a">3800035162</marc:subfield>
      <marc:subfield code="c">Pp. : DM 69.00, sfr 69.00, S 498.00</marc:subfield>
      <marc:subfield code="9">3-8000-3516-2</marc:subfield>
   </marc:datafield>
   <marc:datafield ind1=" " ind2=" " tag="035">
      <marc:subfield code="a">(DE-599)DNB940946181</marc:subfield>
   </marc:datafield>
   <marc:datafield ind1=" " ind2=" " tag="035">
      <marc:subfield code="a">(OCoLC)243793747</marc:subfield>
   </marc:datafield>
   <marc:datafield ind1=" " ind2=" " tag="040">
      <marc:subfield code="a">1240</marc:subfield>
      <marc:subfield code="b">ger</marc:subfield>
      <marc:subfield code="c">DE-101</marc:subfield>
      <marc:subfield code="d">9999</marc:subfield>
   </marc:datafield>
   <marc:datafield ind1=" " ind2=" " tag="041">
      <marc:subfield code="a">ger</marc:subfield>
   </marc:datafield>
   <marc:datafield ind1=" " ind2=" " tag="043">
      <marc:subfield code="c">XA-DE</marc:subfield>
      <marc:subfield code="c">XA-AT</marc:subfield>
      <marc:subfield code="c">XA-CH</marc:subfield>
   </marc:datafield>
   <marc:datafield ind1=" " ind2=" " tag="044">
      <marc:subfield code="c">XA-AT</marc:subfield>
   </marc:datafield>
   <marc:datafield ind1=" " ind2=" " tag="084">
      <marc:subfield code="a">49</marc:subfield>
      <marc:subfield code="a">790</marc:subfield>
      <marc:subfield code="a">791</marc:subfield>
      <marc:subfield code="a">792</marc:subfield>
      <marc:subfield code="q">DE-101</marc:subfield>
      <marc:subfield code="2">sdnb</marc:subfield>
   </marc:datafield>
   <marc:datafield ind1=" " ind2=" " tag="084">
      <marc:subfield code="a">15.3</marc:subfield>
      <marc:subfield code="a">15.3</marc:subfield>
      <marc:subfield code="a">15.3</marc:subfield>
      <marc:subfield code="q">DE-101</marc:subfield>
      <marc:subfield code="2">sswd</marc:subfield>
   </marc:datafield>
   <marc:datafield ind1="1" ind2=" " tag="100">
      <marc:subfield code="0">(DE-588)130629731</marc:subfield>
      <marc:subfield code="0">http://d-nb.info/gnd/130629731</marc:subfield>
      <marc:subfield code="0">(DE-101)130629731</marc:subfield>
      <marc:subfield code="a">Kramer, Thomas</marc:subfield>
      <marc:subfield code="d">1959-</marc:subfield>
      <marc:subfield code="e">Verfasser</marc:subfield>
      <marc:subfield code="4">aut</marc:subfield>
   </marc:datafield>
   <marc:datafield ind1="0" ind2="0" tag="245">
      <marc:subfield code="a">Film im Lauf der Zeit</marc:subfield>
      <marc:subfield code="b">100 Jahre Kino in Deutschland, Österreich und der Schweiz</marc:subfield>
      <marc:subfield code="c">Thomas Kramer ; Martin Prucha</marc:subfield>
   </marc:datafield>
   <marc:datafield ind1=" " ind2="1" tag="264">
      <marc:subfield code="a">Wien</marc:subfield>
      <marc:subfield code="b">Ueberreuter</marc:subfield>
      <marc:subfield code="c">1994</marc:subfield>
   </marc:datafield>
   <marc:datafield ind1=" " ind2=" " tag="300">
      <marc:subfield code="a">286 S.</marc:subfield>
      <marc:subfield code="b">Ill.</marc:subfield>
      <marc:subfield code="c">27 cm</marc:subfield>
   </marc:datafield>
   <marc:datafield ind1=" " ind2=" " tag="336">
      <marc:subfield code="a">Text</marc:subfield>
      <marc:subfield code="b">txt</marc:subfield>
      <marc:subfield code="2">rdacontent</marc:subfield>
   </marc:datafield>
   <marc:datafield ind1=" " ind2=" " tag="337">
      <marc:subfield code="a">ohne Hilfsmittel zu benutzen</marc:subfield>
      <marc:subfield code="b">n</marc:subfield>
      <marc:subfield code="2">rdamedia</marc:subfield>
   </marc:datafield>
   <marc:datafield ind1=" " ind2=" " tag="338">
      <marc:subfield code="a">Band</marc:subfield>
      <marc:subfield code="b">nc</marc:subfield>
      <marc:subfield code="2">rdacarrier</marc:subfield>
   </marc:datafield>
   <marc:datafield ind1=" " ind2="7" tag="648">
      <marc:subfield code="a">Geschichte</marc:subfield>
      <marc:subfield code="2">gnd</marc:subfield>
   </marc:datafield>
   <marc:datafield ind1=" " ind2="7" tag="648">
      <marc:subfield code="a">Geschichte</marc:subfield>
      <marc:subfield code="2">gnd</marc:subfield>
   </marc:datafield>
   <marc:datafield ind1=" " ind2="7" tag="648">
      <marc:subfield code="a">Geschichte</marc:subfield>
      <marc:subfield code="2">gnd</marc:subfield>
   </marc:datafield>
   <marc:datafield ind1=" " ind2="7" tag="650">
      <marc:subfield code="0">(DE-588)4017102-4</marc:subfield>
      <marc:subfield code="0">http://d-nb.info/gnd/4017102-4</marc:subfield>
      <marc:subfield code="0">(DE-101)040171027</marc:subfield>
      <marc:subfield code="a">Film</marc:subfield>
      <marc:subfield code="2">gnd</marc:subfield>
   </marc:datafield>
   <marc:datafield ind1=" " ind2="7" tag="650">
      <marc:subfield code="0">(DE-588)4017102-4</marc:subfield>
      <marc:subfield code="0">http://d-nb.info/gnd/4017102-4</marc:subfield>
      <marc:subfield code="0">(DE-101)040171027</marc:subfield>
      <marc:subfield code="a">Film</marc:subfield>
      <marc:subfield code="2">gnd</marc:subfield>
   </marc:datafield>
   <marc:datafield ind1=" " ind2="7" tag="650">
      <marc:subfield code="0">(DE-588)4017102-4</marc:subfield>
      <marc:subfield code="0">http://d-nb.info/gnd/4017102-4</marc:subfield>
      <marc:subfield code="0">(DE-101)040171027</marc:subfield>
      <marc:subfield code="a">Film</marc:subfield>
      <marc:subfield code="2">gnd</marc:subfield>
   </marc:datafield>
   <marc:datafield ind1=" " ind2="7" tag="651">
      <marc:subfield code="0">(DE-588)4011882-4</marc:subfield>
      <marc:subfield code="0">http://d-nb.info/gnd/4011882-4</marc:subfield>
      <marc:subfield code="0">(DE-101)040118827</marc:subfield>
      <marc:subfield code="a">Deutschland</marc:subfield>
      <marc:subfield code="2">gnd</marc:subfield>
   </marc:datafield>
   <marc:datafield ind1=" " ind2="7" tag="651">
      <marc:subfield code="0">(DE-588)4043271-3</marc:subfield>
      <marc:subfield code="0">http://d-nb.info/gnd/4043271-3</marc:subfield>
      <marc:subfield code="0">(DE-101)040432718</marc:subfield>
      <marc:subfield code="a">Österreich</marc:subfield>
      <marc:subfield code="2">gnd</marc:subfield>
   </marc:datafield>
   <marc:datafield ind1=" " ind2="7" tag="651">
      <marc:subfield code="0">(DE-588)4053881-3</marc:subfield>
      <marc:subfield code="0">http://d-nb.info/gnd/4053881-3</marc:subfield>
      <marc:subfield code="0">(DE-101)040538818</marc:subfield>
      <marc:subfield code="a">Schweiz</marc:subfield>
      <marc:subfield code="2">gnd</marc:subfield>
   </marc:datafield>
   <marc:datafield ind1=" " ind2="7" tag="655">
      <marc:subfield code="0">(DE-588)4143413-4</marc:subfield>
      <marc:subfield code="0">http://d-nb.info/gnd/4143413-4</marc:subfield>
      <marc:subfield code="0">(DE-101)041434137</marc:subfield>
      <marc:subfield code="a">Aufsatzsammlung</marc:subfield>
      <marc:subfield code="2">gnd-content</marc:subfield>
   </marc:datafield>
   <marc:datafield ind1=" " ind2="7" tag="655">
      <marc:subfield code="a">Aufsatzsammlung</marc:subfield>
      <marc:subfield code="2">gnd</marc:subfield>
   </marc:datafield>
   <marc:datafield ind1=" " ind2="7" tag="655">
      <marc:subfield code="a">Aufsatzsammlung</marc:subfield>
      <marc:subfield code="2">gnd</marc:subfield>
   </marc:datafield>
   <marc:datafield ind1=" " ind2="7" tag="655">
      <marc:subfield code="a">Aufsatzsammlung</marc:subfield>
      <marc:subfield code="2">gnd</marc:subfield>
   </marc:datafield>
   <marc:datafield ind1="0" ind2="0" tag="689">
      <marc:subfield code="0">(DE-588)4011882-4</marc:subfield>
      <marc:subfield code="0">http://d-nb.info/gnd/4011882-4</marc:subfield>
      <marc:subfield code="0">(DE-101)040118827</marc:subfield>
      <marc:subfield code="D">g</marc:subfield>
      <marc:subfield code="a">Deutschland</marc:subfield>
   </marc:datafield>
   <marc:datafield ind1="0" ind2="1" tag="689">
      <marc:subfield code="0">(DE-588)4017102-4</marc:subfield>
      <marc:subfield code="0">http://d-nb.info/gnd/4017102-4</marc:subfield>
      <marc:subfield code="0">(DE-101)040171027</marc:subfield>
      <marc:subfield code="D">s</marc:subfield>
      <marc:subfield code="a">Film</marc:subfield>
   </marc:datafield>
   <marc:datafield ind1="0" ind2="2" tag="689">
      <marc:subfield code="A">z</marc:subfield>
      <marc:subfield code="a">Geschichte</marc:subfield>
   </marc:datafield>
   <marc:datafield ind1="0" ind2="3" tag="689">
      <marc:subfield code="A">f</marc:subfield>
      <marc:subfield code="a">Aufsatzsammlung</marc:subfield>
   </marc:datafield>
   <marc:datafield ind1="0" ind2=" " tag="689">
      <marc:subfield code="5">DE-101</marc:subfield>
      <marc:subfield code="5">DE-101</marc:subfield>
   </marc:datafield>
   <marc:datafield ind1="1" ind2="0" tag="689">
      <marc:subfield code="0">(DE-588)4043271-3</marc:subfield>
      <marc:subfield code="0">http://d-nb.info/gnd/4043271-3</marc:subfield>
      <marc:subfield code="0">(DE-101)040432718</marc:subfield>
      <marc:subfield code="D">g</marc:subfield>
      <marc:subfield code="a">Österreich</marc:subfield>
   </marc:datafield>
   <marc:datafield ind1="1" ind2="1" tag="689">
      <marc:subfield code="0">(DE-588)4017102-4</marc:subfield>
      <marc:subfield code="0">http://d-nb.info/gnd/4017102-4</marc:subfield>
      <marc:subfield code="0">(DE-101)040171027</marc:subfield>
      <marc:subfield code="D">s</marc:subfield>
      <marc:subfield code="a">Film</marc:subfield>
   </marc:datafield>
   <marc:datafield ind1="1" ind2="2" tag="689">
      <marc:subfield code="A">z</marc:subfield>
      <marc:subfield code="a">Geschichte</marc:subfield>
   </marc:datafield>
   <marc:datafield ind1="1" ind2="3" tag="689">
      <marc:subfield code="A">f</marc:subfield>
      <marc:subfield code="a">Aufsatzsammlung</marc:subfield>
   </marc:datafield>
   <marc:datafield ind1="1" ind2=" " tag="689">
      <marc:subfield code="5">DE-101</marc:subfield>
      <marc:subfield code="5">DE-101</marc:subfield>
   </marc:datafield>
   <marc:datafield ind1="2" ind2="0" tag="689">
      <marc:subfield code="0">(DE-588)4053881-3</marc:subfield>
      <marc:subfield code="0">http://d-nb.info/gnd/4053881-3</marc:subfield>
      <marc:subfield code="0">(DE-101)040538818</marc:subfield>
      <marc:subfield code="D">g</marc:subfield>
      <marc:subfield code="a">Schweiz</marc:subfield>
   </marc:datafield>
   <marc:datafield ind1="2" ind2="1" tag="689">
      <marc:subfield code="0">(DE-588)4017102-4</marc:subfield>
      <marc:subfield code="0">http://d-nb.info/gnd/4017102-4</marc:subfield>
      <marc:subfield code="0">(DE-101)040171027</marc:subfield>
      <marc:subfield code="D">s</marc:subfield>
      <marc:subfield code="a">Film</marc:subfield>
   </marc:datafield>
   <marc:datafield ind1="2" ind2="2" tag="689">
      <marc:subfield code="A">z</marc:subfield>
      <marc:subfield code="a">Geschichte</marc:subfield>
   </marc:datafield>
   <marc:datafield ind1="2" ind2="3" tag="689">
      <marc:subfield code="A">f</marc:subfield>
      <marc:subfield code="a">Aufsatzsammlung</marc:subfield>
   </marc:datafield>
   <marc:datafield ind1="2" ind2=" " tag="689">
      <marc:subfield code="5">DE-101</marc:subfield>
      <marc:subfield code="5">DE-101</marc:subfield>
   </marc:datafield>
   <marc:datafield ind1="1" ind2=" " tag="700">
      <marc:subfield code="0">(DE-588)11400093X</marc:subfield>
      <marc:subfield code="0">http://d-nb.info/gnd/11400093X</marc:subfield>
      <marc:subfield code="0">(DE-101)11400093X</marc:subfield>
      <marc:subfield code="a">Prucha, Martin</marc:subfield>
      <marc:subfield code="e">Verfasser</marc:subfield>
      <marc:subfield code="4">aut</marc:subfield>
   </marc:datafield>
   <marc:datafield ind1=" " ind2=" " tag="850">
      <marc:subfield code="a">DE-101a</marc:subfield>
      <marc:subfield code="a">DE-101b</marc:subfield>
   </marc:datafield>
   <marc:datafield ind1="4" ind2="2" tag="856">
      <marc:subfield code="m">V:DE-605</marc:subfield>
      <marc:subfield code="q">application/pdf</marc:subfield>
      <marc:subfield code="u">http://d-nb.info/940946181/04</marc:subfield>
      <marc:subfield code="3">Inhaltsverzeichnis</marc:subfield>
   </marc:datafield>
   <marc:datafield ind1="r" ind2=" " tag="925">
      <marc:subfield code="a">ra</marc:subfield>
   </marc:datafield>
</marc:record>
